Statistics for Top 3 NBA 2K18 Players by College: Big Ten

Click here to take the quiz!

General Stats

  • This quiz has been taken 40 times
  • The average score is 5 of 25

Answer Stats

CollegePlayerRating% Correct
Michigan StateDraymond Green88
72%
Ohio StateD'Angelo Russell80
51%
IndianaVictor Oladipo79
38%
WisconsinDevin Harris / Sam Dekker73
36%
WisconsinFrank Kaminsky76
33%
Ohio StateMike Conley87
33%
Michigan StateGary Harris81
26%
IllinoisDeron Williams74
23%
IndianaCody Zeller77
21%
MichiganTim Hardaway, Jr.80
21%
IndianaEric Gordon80
15%
Ohio StateJared Sullinger / Evan Turner74
15%
MarylandAlex Len73
13%
PurdueE'Twaun Moore74
13%
IllinoisMeyers Leonard70
13%
Penn StateTim Frazier73
10%
Michigan StateZach Randolph80
10%
MichiganCaris LeVert75
8%
MarylandJake Layman69
8%
MarylandGreivis Vasquez72
5%
MichiganJamal Crawford77
5%
IowaJarrod Uthoff68
5%
MinnesotaKris Humphries73
5%
PurdueA.J. Hammons68
3%
WisconsinJon Leuer75
3%

Score Distribution

Percentile by Number Answered

Percent of People with Each Score

Your Score History

You have not taken this quiz